| 000 | 00397nam a2200169Ia 4500 | ||
|---|---|---|---|
| 008 | 220531s9999 xx 000 0 und d | ||
| 041 | _aeng | ||
| 082 | _bCHA | ||
| 100 |
_aChaturvedi, R. P. _935204 |
||
| 245 | _aArt Of Public Speaking | ||
| 260 |
_bUpkar _c1995 |
||
| 300 | _a100 | ||
| 542 | _d29-07-1997 | ||
| 650 |
_aGenral _935205 |
||
| 906 |
_d1997-1998 _f5189 |
||
| 999 |
_c21617 _d21617 |
||